Statistics for Five Least Peaceful Countries by Continent

Click here to take the quiz!

General Stats

  • This quiz has been taken 1,521 times
  • The average score is 20 of 28

Answer Stats

Continent Score Country % Correct
Europe2.954Russia
90%
South America2.720Colombia
87%
Europe2.845Ukraine
86%
Asia3.444Iraq
86%
North America2.530Mexico
85%
South America2.122Brazil
85%
Asia3.645Syria
84%
South America2.493Venezuela
83%
Asia3.427Afghanistan
80%
North America2.210Honduras
78%
South America2.029Peru
78%
Oceania1.329Australia
77%
Africa3.307Somalia
77%
North America2.215Guatemala
75%
Oceania1.221New Zealand
75%
Africa3.085DR Congo
74%
Africa3.295Sudan
74%
Asia3.049Pakistan
73%
North America2.263El Salvador
72%
Oceania2.064Papua New Guinea
72%
Europe2.163Belarus
67%
South America2.029Guyana
66%
Africa3.383South Sudan
65%
Asia2.977North Korea
61%
Europe1.942Moldova
60%
North America2.153Jamaica
47%
Africa3.332Central African Republic
45%
Europe1.944Macedonia
34%

Score Distribution

Percentile by Number Answered

Percent of People with Each Score

Your Score History

You have not taken this quiz